Systems analysis and design / (Record no. 8773)
[ view plain ]
| 000 -LEADER | |
|---|---|
| fixed length control field | 01571cac a22003371u 4500 |
| 090 ## - LOCALLY ASSIGNED LC-TYPE CALL NUMBER (OCLC); LOCAL CALL NUMBER (OCLC) | |
| -- | 8773 |
| 008 - FIXED-LENGTH DATA ELEMENTS--GENERAL INFORMATION | |
| fixed length control field | 090108t 2008xxu||||| |||| 00| 0 eng d |
| 010 ## - LIBRARY OF CONGRESS CONTROL NUMBER | |
| LC control number | 2007277136 |
| 020 ## - INTERNATIONAL STANDARD BOOK NUMBER | |
| International Standard Book Number | 1423912225 |
| 020 ## - INTERNATIONAL STANDARD BOOK NUMBER | |
| International Standard Book Number | 9781423912224 : |
| 035 ## - SYSTEM CONTROL NUMBER | |
| System control number | (OCoLC)ocm85847892 |
| 082 00 - DEWEY DECIMAL CLASSIFICATION NUMBER | |
| Classification number | 658.05 |
| Item number | SHE |
| 100 ## - MAIN ENTRY--PERSONAL NAME | |
| Personal name | Shelly, Gary B. |
| 245 10 - TITLE STATEMENT | |
| Title | Systems analysis and design / |
| Statement of responsibility, etc | Gary B. Shelly, Thomas J. Cashman, Harry J. Rosenblatt. |
| 250 ## - EDITION STATEMENT | |
| Edition statement | 7th ed. |
| 260 ## - PUBLICATION, DISTRIBUTION, ETC. (IMPRINT) | |
| Place of publication, distribution, etc | Boston, MA : |
| Name of publisher, distributor, etc | Thomson Course Technology, |
| Date of publication, distribution, etc | c2008. |
| 260 ## - PUBLICATION, DISTRIBUTION, ETC. (IMPRINT) | |
| Name of publisher, distributor, etc | Distributer: Bacca |
| 300 ## - PHYSICAL DESCRIPTION | |
| Extent | xix, 702 p. : |
| Other physical details | col. ill. ; |
| Dimensions | 28 cm. + |
| Accompanying material | 1 CD-ROM (4 3/4 in.) |
| 490 1# - Series Statement | |
| Series statement | Shelly Cashman series |
| 500 ## - GENERAL NOTE | |
| General note | Includes index. |
| 500 ## - GENERAL NOTE | |
| General note | Accompanying CD-ROM entitled: Study tool for systems analysis and design. |
| 538 ## - SYSTEM DETAILS NOTE | |
| System details note | System requirements for accompanying disc: Pentium 133 MHz or higher processor (Pentium 3 recommended); 128 MB RAM; 120 MB of available hard disk space; Windows 98, NT, 2000, or XP; Internet Explorer 6.0 or better with javascript enabled; VGA, or higher resolution monitor set to 1024 by 768; internet connection; CD-ROM drive. |
| 650 #0 - SUBJECT ADDED ENTRY--TOPICAL TERM | |
| Topical term or geographic name as entry element | System analysis. |
| 650 #0 - SUBJECT ADDED ENTRY--TOPICAL TERM | |
| Topical term or geographic name as entry element | System design. |
| 700 1# - ADDED ENTRY--PERSONAL NAME | |
| Personal name | Cashman, Thomas J. |
| 700 1# - ADDED ENTRY--PERSONAL NAME | |
| Personal name | Rosenblatt, Harry J. |
| 740 02 - ADDED ENTRY--UNCONTROLLED RELATED/ANALYTICAL TITLE | |
| Uncontrolled related/analytical title | Study tool for systems analysis and design. |
| 800 1# - SERIES ADDED ENTRY--PERSONAL NAME | |
| Personal name | Shelly, Gary B. |
| 942 ## - ADDED ENTRY ELEMENTS (KOHA) | |
| Item type | Book - Borrowing |
| Call number prefix | 658.05SHE |
| Source of classification or shelving scheme | Dewey Decimal Classification |
| Withdrawn status | Item status | Source of classification or shelving scheme | Damaged status | Not for loan | Home library | Current library | Shelving location | Date acquired | Source of acquisition | Total Checkouts | Total Renewals | Full call number | Barcode | Date last seen | Date last borrowed | Koha item type |
|---|---|---|---|---|---|---|---|---|---|---|---|---|---|---|---|---|
| Dewey Decimal Classification | Central Library | Central Library | First floor | 24/03/2008 | Purchase | 1 | 3 | 658.05 SHE | 000010735 | 15/07/2025 | 28/01/2010 | Book - Borrowing |